Normal view
MARC view
- Smith, Howard M
Entry Personal Name
001 - CONTROL NUMBER
- control field: 107313
003 - CONTROL NUMBER IDENTIFIER
- control field: NUST
005 - DATE AND TIME OF LATEST TRANSACTION
- control field: 20230121155311.0
008 - FIXED-LENGTH DATA ELEMENTS
- fixed length control field: 230121|| aca||aabn | a|a d
040 ## - CATALOGING SOURCE
- Original cataloging agency: NUST
- Transcribing agency: NUST
100 ## - HEADING--PERSONAL NAME
- Personal name: Smith, Howard M
670 ## - SOURCE DATA FOUND
- Source citation: Work cat.: (NUST)185228: Smith, Howard M. , Principles of holography /, 1975
